000 00390pab a2200157 454500
008 180718b2003 xxu||||| |||| 00| 0 eng d
100 _aMakhija, Neelam
245 _aImproving clinical experience of nursing students
260 _c2003
300 _ap.12-13.
362 _a27 Oct
650 _aNursing
650 _aParamedical personnel
773 _aUniversity News
909 _a58441
999 _c58441
_d58441